00620 2200229 4500001002100000005001500021035002000036007000300056008004100059020002200100082000800122084001400130100001600144245007200160250001000232260003500242300002900277650002800306700001800334504002700352990001100379INLIS00000000000381520190724092853 a0010-0719000233ta190724 g 0 ind  a978-602-17759-2-9 a634 a634 SRI b0 aSRI, Rahayu1 aBudidaya Mangga di Lahan Sempit /cSri Rahayu; editor, Azka Ramadan acet.1 a[s.l.] :bInfra Pustaka,c2013 a149 hlm :bilus ;c23 cm 4aPERKEBUNAN. BUAH MANGGA0 aAZKA, Ramadan aBibliografi.: hlm. 149 a5762 a